[Event "Indywidualne Mistrzostwa Polski Mlodzikow do lat 10 - Chlopcy"]
[Site "Szklarska Poreba"]
[Date "1899-12-30"]
[Round "8.6"]
[White "Glaz, Michal"]
[Black "Hryniewicz, Maciej"]
[Result "0-1"]
[WhiteTitle "II"]
[BlackTitle "II"]
[WhiteElo "1174"]
[BlackElo "1133"]

1. e4 c5 2. Nf3 Nc6 3. d4 cxd4 4. Nxd4 Nf6 5. Nc3 e5 6. Nb3 Bb4 7. Bd3 d5 8. exd5
Nxd5 9. Bd2 O-O 10. O-O Nxc3 11. bxc3 Bd6 12. Qh5 f5 13. Rfe1 e4 14. Bc4+ Kh8
15. Re3 h6 16. Ree1 Qf6 17. Rad1 Be5 18. Re3 Bf4 19. Rh3 Bxd2 20. Nxd2 Be6 21.
Bxe6 Qxe6 22. Nf1 Rad8 23. Ra1 Qf6 24. Rb1 b6 25. Qe2 Qe6 26. Ra1 f4 27. Rh4 Rde8
28. a3 f3 29. gxf3 Qg6+ 30. Rg4 exf3 31. Rxg6 fxe2 32. Ne3 Ne5 33. Rg3 Nf3+ 34.
Rxf3 Rxf3 35. Re1 Rc8 36. c4 Rc5 37. Rxe2 Ra5 38. Kg2 Rf8 39. Nd5 Rxa3 40. Ne7
Kh7 41. Nc6 Ra1 42. Re7 a5 43. Rb7 Rb1 44. Nxa5 Rb2 45. c5 Rxc2 46. cxb6 Rfxf2+
47. Kg3 Rg2+ 48. Kh3 Rxh2+ 49. Kg3 Rhg2+ 50. Kh3 Rg5 51. Ra7 Rc3+ 52. Kh2 Rb5
53. b7 Rb2+ 54. Kh1 0-1

[Event "Indywidualne Mistrzostwa Polski Mlodzikow do lat 10 - Chlopcy"]
[Site "Szklarska Poreba"]
[Date "1899-12-30"]
[Round "8.7"]
[White "Micula, Jakub"]
[Black "Olszewski, Antoni"]
[Result "1/2-1/2"]
[WhiteTitle "II+"]
[BlackTitle "II"]
[WhiteElo "1357"]
[BlackElo "1514"]

1. e4 e5 2. Nf3 Nc6 3. Bb5 a6 4. Ba4 g6 5. O-O Bg7 6. c3 Nge7 7. Re1 O-O 8. d4
exd4 9. cxd4 b5 10. Bb3 d6 11. h3 Na5 12. Bc2 c5 13. Nc3 cxd4 14. Nxd4 Bb7 15.
Bf4 Nc4 16. Rb1 Rc8 17. Nce2 d5 18. exd5 Qxd5 19. Nf3 Nxb2 20. Qxd5 Nxd5 21. Be4
f5 22. Bxd5+ Bxd5 23. Be5 Bxe5 24. Nxe5 Nc4 25. Nf4 Be4 26. Ned3 Bxd3 27. Nxd3
Kf7 28. Nb4 Rfe8 29. Nxa6 Rxe1+ 30. Rxe1 Rc6 31. Nb4 Re6 32. Rc1 1/2-1/2

[Event "Indywidualne Mistrzostwa Polski Mlodzikow do lat 10 - Chlopcy"]
[Site "Szklarska Poreba"]
[Date "1899-12-30"]
[Round "8.8"]
[White "Grobelny, Mikolaj"]
[Black "Uhryn, Mateusz"]
[Result "0-1"]
[WhiteTitle "II+"]
[BlackTitle "II"]
[WhiteElo "1177"]
[BlackElo "1410"]

1. d4 d5 2. e3 c6 3. f4 Nf6 4. Nf3 Bg4 5. Nbd2 e6 6. h3 Bh5 7. Be2 Nbd7 8. Ne5
Bxe2 9. Qxe2 Bd6 10. Ndf3 Ne4 11. Rg1 Bb4+ 12. Bd2 Bxd2+ 13. Nxd2 Qh4+ 14. Kd1
Nxd2 15. Kxd2 Nxe5 16. fxe5 O-O-O 17. Raf1 Qe7 18. Kc1 Rhf8 19. Qg4 f5 20. Qe2
g5 21. g4 Rf7 22. Rg3 Rdf8 23. Rgf3 fxg4 24. hxg4 Rxf3 25. Rxf3 Rxf3 26. Qxf3
Kd8 27. c3 Ke8 28. Kd2 Qf7 29. Qe2 Qg6 30. Qd1 Qe4 31. b3 Qg2+ 32. Qe2 Qxe2+ 33.
Kxe2 Kf7 34. c4 Kg6 35. cxd5 cxd5 36. Kf3 h5 37. gxh5+ Kxh5 38. Kg3 g4 39. e4
dxe4 40. Kg2 Kg5 41. Kg1 Kf4 42. Kf1 e3 43. d5 Kxe5 44. dxe6 Kxe6 45. Ke2 Kf5
46. Kxe3 Ke5 47. Kf2 Kf4 48. Kg2 g3 49. Kg1 Ke3 50. Kg2 Kd3 51. Kxg3 Kc3 52. Kf4
Kb2 53. Ke5 Kxa2 54. Kd6 Kxb3 55. Kc5 a5 56. Kb6 a4 57. Kxb7 a3 58. Kc6 a2 59.
Kd5 Kc3 60. Ke4 a1=Q 61. Ke5 Qa4 62. Kf5 Qd4 63. Ke6 Qc5 64. Kf6 Qd5 65. Ke7 Qc6
66. Kf7 Qd6 67. Kg7 Qe6 68. Kf8 Qd7 69. Kg8 Kd4 70. Kh8 Qe7 71. Kg8 Ke5 72. Kh8
Kf6 73. Kg8 Qg7# 0-1

[Event "Indywidualne Mistrzostwa Polski Mlodzikow do lat 10 - Chlopcy"]
[Site "Szklarska Poreba"]
[Date "1899-12-30"]
[Round "8.9"]
[White "Kwapisz, Piotr"]
[Black "Kubik, Bartosz"]
[Result "0-1"]
[WhiteTitle "II"]
[BlackTitle "II"]
[WhiteElo "1326"]
[BlackElo "1148"]

1. d4 d5 2. Nf3 Nf6 3. e3 Bf5 4. c4 e6 5. b3 c6 6. Bb2 Nbd7 7. a3 Bd6 8. c5 Bc7
9. Bd3 Bg6 10. Bxg6 hxg6 11. Qd3 Qe7 12. Nbd2 Ng4 13. h3 e5 14. e4 O-O-O 15. Ke2
Ngf6 16. Ke3 dxe4 17. Nxe4 exd4+ 18. Bxd4 Nxc5 19. Qc2 Ncxe4 20. Ke2 Ng3+ 21.
Kd1 Nxh1 22. Kc1 Rd5 23. Kb2 Rhd8 24. Rxh1 Rxd4 25. Nxd4 Rxd4 26. Rd1 Rxd1 27.
Qxd1 Qe5+ 28. Kb1 Qe4+ 29. Qc2 Qxc2+ 30. Kxc2 Ne4 31. f3 Ng3 32. Kd3 Kd7 33. Kd4
Ke6 34. b4 Bb6+ 35. Kd3 c5 36. Kc4 cxb4 37. axb4 a5 38. Kb5 axb4 39. Kxb4 Bd4
40. Kc4 Ke5 41. Kd3 b5 42. Kc2 b4 43. Kb3 Bc5 44. Kc4 Ne2 45. Kb3 Kd4 46. g4 Kd3
47. h4 Nc1+ 48. Kb2 Kd2 49. f4 Bd4+ 50. Kb1 b3 51. f5 Na2 52. h5 gxh5 53. gxh5
b2 54. f6 Bxf6 55. h6 gxh6 56. Kxa2 Kc2 57. Ka3 b1=Q 58. Ka4 Qb6 59. Ka3 Qb3#
0-1

[Event "Indywidualne Mistrzostwa Polski Mlodzikow do lat 10 - Chlopcy"]
[Site "Szklarska Poreba"]
[Date "1899-12-30"]
[Round "8.10"]
[White "Zielonka, Adam"]
[Black "Wojtacha, Krzysztof"]
[Result "1/2-1/2"]
[WhiteTitle "II"]
[BlackTitle "II"]
[WhiteElo "1177"]
[BlackElo "1280"]

1. e4 c5 2. Nf3 e6 3. d4 cxd4 4. Nxd4 a6 5. Nc3 Qc7 6. Bd3 Nf6 7. O-O d6 8. Be3
b5 9. a3 Bb7 10. Qe2 Nbd7 11. f4 Be7 12. Rae1 O-O 13. g4 Nc5 14. Bd2 Nxd3 15.
cxd3 Rfe8 16. g5 Nd7 17. Rf3 Bc8 18. Rc1 Qd8 19. Nc6 Qb6+ 20. Be3 Qxc6 21. Nd5
Nc5 22. Nxe7+ Rxe7 23. b4 Rc7 24. bxc5 dxc5 25. Rxc5 Qd6 26. Rxc7 Qxc7 27. Qb2
Qd6 28. Bd4 Qf8 29. h4 Bd7 30. h5 Rc8 31. h6 g6 32. Bc3 Qc5+ 33. Bd4 Qc1+ 34.
Qxc1 Rxc1+ 35. Rf1 Rc8 36. Kf2 Kf8 37. Ke3 Ke7 38. Be5 Rc6 39. Rd1 Kd8 40. d4
Rc3+ 41. Rd3 Rxd3+ 42. Kxd3 Bc6 43. Bd6 Bb7 44. e5 Kd7 45. Bb4 Bh1 46. Ba5 Kc6
47. Bd8 Kd5 48. Bf6 Be4+ 49. Kc3 Bf5 50. Kb4 Kxd4 51. Ka5 Bd3 52. Kb4 Ke4 53.
a4 Kxf4 54. axb5 axb5 55. Kc3 Ke4 56. Kb4 Kd4 57. Bg7 Bc4 58. Bf6 Kd5 59. Bg7
Kd4 60. Bf6 Kd5 61. Bg7 Kc6 62. Bf6 Kb6 63. Bd8+ Ka6 64. Bf6 Bd5 65. Bd8 Bc6 66.
Bf6 Be8 67. Be7 Kb6 68. Bf6 Kc6 69. Kb3 Kd5 70. Kb4 Kd4 71. Kb3 Kc5 72. Be7+ Kd5
73. Bf6 Kc5 74. Be7+ Kd5 75. Bf6 1/2-1/2

[Event "Indywidualne Mistrzostwa Polski Mlodzikow do lat 10 - Chlopcy"]
[Site "Szklarska Poreba"]
[Date "1899-12-30"]
[Round "8.11"]
[White "Komendecki, Antoni"]
[Black "Jaszczuk, Piotr"]
[Result "1-0"]
[WhiteTitle "II"]
[BlackTitle "II"]
[WhiteElo "1271"]
[BlackElo "1112"]

1. e4 e5 2. Nf3 Nc6 3. d4 exd4 4. Nxd4 Bc5 5. Be3 Qf6 6. c3 Nge7 7. Qd2 O-O 8.
Nb5 Bxe3 9. Qxe3 d6 10. Nxc7 Rb8 11. Nd2 Be6 12. Nxe6 fxe6 13. Be2 d5 14. Bf3
Rbd8 15. O-O d4 16. cxd4 Nxd4 17. e5 Qg6 18. Bd1 Nef5 19. Qh3 Nc2 20. Bxc2 Rxd2
21. Qc3 Rfd8 22. Rad1 Qg5 23. Rxd2 Qxd2 24. Bxf5 exf5 25. Qb3+ Qd5 26. Rd1 Qxb3
27. Rxd8+ Kf7 28. axb3 Ke7 29. Rb8 Ke6 30. f4 b6 31. Rb7 g6 32. Rxa7 h6 33. Rb7
g5 34. Rxb6+ Kd5 35. e6 Kc5 36. e7 Kxb6 37. e8=Q gxf4 38. Qc8 f3 39. gxf3 h5 40.
f4 h4 41. Kf2 h3 42. Ke3 Kb5 43. Kd4 Kb4 44. Qb8+ Ka5 45. Kc5 Ka6 46. Qa8# 1-0

[Event "Indywidualne Mistrzostwa Polski Mlodzikow do lat 10 - Chlopcy"]
[Site "Szklarska Poreba"]
[Date "1899-12-30"]
[Round "8.12"]
[White "Kozak, Karol"]
[Black "Bochniak, Franciszek"]
[Result "1/2-1/2"]
[WhiteTitle "II"]
[BlackTitle "II"]
[WhiteElo "1133"]
[BlackElo "1263"]

1. e4 c5 2. Nf3 d6 3. d4 cxd4 4. Nxd4 Nf6 5. Nc3 a6 6. f3 e5 7. Nb3 Be6 8. Be3
Be7 9. Qd2 Nbd7 10. O-O-O O-O 11. g4 b5 12. Nd5 Bxd5 13. exd5 Nb6 14. Na5 Nbxd5
15. Nc6 Qc7 16. Nxe7+ Qxe7 17. g5 Nxe3 18. gxf6 Qxf6 19. Qxe3 Rac8 20. Bh3 Rc4
21. Bg4 h5 22. Bh3 Qh4 23. Bf5 Qf6 24. Bd3 Rc7 25. Rhg1 Rfc8 26. Rg2 Kh8 27. Rdg1
Rg8 28. Rg5 Qh6 29. Qd2 g6 30. R5g2 Qxd2+ 31. Kxd2 d5 32. Rg5 Re7 33. Re1 Rge8
34. h4 Re6 35. f4 e4 36. Be2 Rd6 37. Reg1 Ree6 38. c3 Kh7 39. f5 Rf6 40. fxg6+
fxg6 41. Re5 Rf4 42. Rh1 Kh6 43. Ke3 Rf7 44. Rf1 Rxf1 45. Bxf1 Rf6 46. Be2 Rf5
47. Re6 a5 48. Bxb5 Rf3+ 49. Ke2 Rh3 50. Re5 Rxh4 51. Kd2 Rh2+ 52. Be2 h4 53.
Rxd5 h3 54. Rxa5 Rxe2+ 55. Kxe2 h2 56. Ra8 Kg7 57. Ra7+ Kg8 1/2-1/2

[Event "Indywidualne Mistrzostwa Polski Mlodzikow do lat 10 - Chlopcy"]
[Site "Szklarska Poreba"]
[Date "1899-12-30"]
[Round "8.13"]
[White "Trusewicz, Jakub"]
[Black "Jasiulewicz, Dawid"]
[Result "0-1"]
[WhiteTitle "II"]
[BlackTitle "II"]
[WhiteElo "1136"]
[BlackElo "1253"]

1. e4 c5 2. d4 cxd4 3. c3 dxc3 4. Nxc3 Nc6 5. Bc4 e6 6. Nf3 Nge7 7. Nb5 Ng6 8.
O-O d6 9. Bg5 f6 10. Be3 a6 11. Nbd4 e5 12. Ne6 Qe7 13. Qb3 Bxe6 14. Bxe6 Nd8
15. Bf5 Qf7 16. Qc2 Nc6 17. Rad1 Qxa2 18. Qd2 Qf7 19. Bc5 Rd8 20. Bb6 Ra8 21.
Bc5 Qc7 22. Qd5 Nd8 23. Qb3 Qxc5 24. Rc1 Qb5 25. Rc7 Qxb3 26. Bd7+ Kf7 27. Ba4+
Be7 28. Bxb3+ Ne6 29. Bd5 Rab8 30. g3 Rhc8 31. Rd7 Ngf8 32. Rxb7 Rxb7 33. Bxb7
Rb8 34. Bxa6 Rxb2 35. Bc4 Nd7 36. Bd5 Nb6 37. h4 Nxd5 38. exd5 Nc7 39. Rd1 Rb5
0-1

[Event "Indywidualne Mistrzostwa Polski Mlodzikow do lat 10 - Chlopcy"]
[Site "Szklarska Poreba"]
[Date "1899-12-30"]
[Round "8.14"]
[White "Stachowiak, Bruno"]
[Black "Nocek, Dominik"]
[Result "1/2-1/2"]
[WhiteTitle "II"]
[BlackTitle "II"]
[WhiteElo "1105"]
[BlackElo "1232"]

1. e4 e5 2. Nf3 Nc6 3. Bc4 Bc5 4. d3 Nf6 5. Nc3 d6 6. Be3 Bb6 7. h3 h6 8. Qd2 Be6
9. Bb3 Qd7 10. O-O-O Bxb3 11. axb3 O-O-O 12. Bxb6 axb6 13. d4 exd4 14. Nxd4 Nxd4
15. Qxd4 Rhe8 16. f3 Re5 17. Qxe5 dxe5 18. Rxd7 Rxd7 19. Ne2 h5 20. Ng3 g6 21.
c3 b5 22. Kc2 b6 23. Ra1 Kb7 24. b4 Ne8 25. Nf1 Ng7 26. Ne3 c6 27. h4 Ne6 28.
g3 Rd8 29. b3 Rd7 30. Rd1 Rxd1 31. Nxd1 Kc7 32. Ne3 Kd6 33. Kd3 f6 34. Kc2 Ng7
35. g4 Ke6 1/2-1/2

[Event "Indywidualne Mistrzostwa Polski Mlodzikow do lat 10 - Chlopcy"]
[Site "Szklarska Poreba"]
[Date "1899-12-30"]
[Round "8.16"]
[White "Klim, Juliusz"]
[Black "Uhryn, Lukasz"]
[Result "0-1"]
[WhiteTitle "II"]
[BlackTitle "II"]
[WhiteElo "1239"]
[BlackElo "1042"]

1. e4 c5 2. Nf3 e6 3. d4 cxd4 4. Nxd4 Nf6 5. Nc3 Nc6 6. Bg5 Bc5 7. Nxc6 bxc6 8.
Be2 Bb4 9. Qd3 d5 10. exd5 exd5 11. O-O O-O 12. Rad1 Qd6 13. a3 Ba5 14. Ne4 Nxe4
15. Qxe4 Bc7 16. Qh4 Bf5 17. Bd3 Bxd3 18. Rxd3 Rfe8 19. Rh3 Qg6 20. c3 Re4 21.
f4 f6 22. Bxf6 Qxf6 23. Qxh7+ Kf7 24. Rh5 Bb6+ 25. Kh1 Ke6 26. g3 Rf8 27. Rg5
Ke7 28. Rxg7+ Rf7 29. Rxf7+ Qxf7 30. Qh4+ Kd7 31. Qg4+ Kc7 32. Kg2 Qe7 33. Kh3
Re2 34. f5 Rxb2 35. Qf4+ Kd7 36. f6 Qe6+ 37. g4 Qf7 38. Qf5+ Kc7 39. Qe5+ Kd7
40. Rf5 Bg1 41. Rf3 Qh7+ 42. Qh5 Rxh2+ 43. Kg3 Rxh5 44. gxh5 Ke8 45. f7+ Kf8 0-1

[Event "Indywidualne Mistrzostwa Polski Mlodzikow do lat 10 - Chlopcy"]
[Site "Szklarska Poreba"]
[Date "1899-12-30"]
[Round "8.17"]
[White "Dietrich, Pawel"]
[Black "Adamala, Tomasz"]
[Result "1-0"]
[WhiteTitle "II"]
[BlackTitle "III"]
[WhiteElo "1150"]
[BlackElo "1036"]

1. e4 c5 2. Nf3 Nc6 3. d4 cxd4 4. Nxd4 g6 5. Nc3 Bg7 6. Be3 Nf6 7. Bc4 Qa5 8. Bb3
Nxe4 9. Qd3 Nc5 10. Qd1 Nxb3 11. axb3 Qd8 12. Nxc6 bxc6 13. Rxa7 Ba6 14. Qa1 Rxa7
15. Bxa7 Qc8 16. Be3 d5 17. Qa4 e5 18. Nxd5 O-O 19. Ne7+ 1-0

[Event "Indywidualne Mistrzostwa Polski Mlodzikow do lat 10 - Chlopcy"]
[Site "Szklarska Poreba"]
[Date "1899-12-30"]
[Round "8.18"]
[White "Karwot, Marek"]
[Black "Jablonski, Dawid"]
[Result "1-0"]
[WhiteTitle "III"]
[BlackTitle "II"]
[WhiteElo "1006"]
[BlackElo "1087"]

1. e4 c6 2. d4 d5 3. exd5 cxd5 4. Nf3 Nc6 5. Nc3 Nf6 6. Bf4 a6 7. a3 Bf5 8. Bd3
Bxd3 9. Qxd3 e6 10. O-O Bd6 11. Bxd6 Qxd6 12. Rfe1 O-O 13. Ne5 Rfe8 14. Na4 Qc7
15. Nc5 Nxe5 16. Rxe5 Nd7 17. Nxd7 Qxd7 18. Rae1 Rac8 19. c3 Qd6 20. Qe2 Re7 21.
f4 g6 22. Qg4 Rce8 23. Qf3 f6 24. R5e3 e5 25. fxe5 fxe5 26. Qe2 e4 27. c4 b6 28.
Rd1 a5 29. Rc1 Rc7 30. Rec3 Kg7 31. cxd5 Rxc3 32. Rxc3 Qxd5 33. Rc7+ Kg8 34. Qc4
Qxc4 35. Rxc4 Kf7 36. Rc6 Re6 37. Rc7+ Kf6 38. Kf2 h5 39. Ke3 Kf5 40. Rf7+ Kg5
41. d5 Re5 42. d6 Rd5 43. d7 Kh6 44. Kxe4 Rd1 45. Ke5 g5 46. Kf6 Rf1+ 47. Ke7
Re1+ 48. Kf8 Rd1 49. Ke8 Kg6 50. Re7 Kf6 51. d8=Q Rxd8+ 52. Kxd8 b5 53. Re1 Kf5
54. Rf1+ Ke4 55. Kc7 Ke3 56. Kb6 Ke2 57. Rf8 b4 58. a4 Kd2 59. Kxa5 b3 60. Rc8
Ke2 61. Kb4 Kf2 62. Rg8 g4 63. Rg5 Kxg2 64. Rxh5 g3 65. hxg3 Kxg3 66. Rf5 Kg4
67. Rf8 Kg5 68. a5 Kg6 69. a6 Kg7 70. Rf1 Kg6 71. a7 Kg5 72. a8=Q Kg4 73. Qg2+
1-0

[Event "Indywidualne Mistrzostwa Polski Mlodzikow do lat 10 - Chlopcy"]
[Site "Szklarska Poreba"]
[Date "1899-12-30"]
[Round "8.21"]
[White "Kawa, Bartlomiej"]
[Black "Dobosiewicz, Dawid"]
[Result "1/2-1/2"]
[WhiteTitle "II"]
[BlackTitle "II"]
[WhiteElo "1060"]
[BlackElo "1263"]

1. d4 d5 2. Bf4 Nf6 3. Nf3 Bg4 4. e3 e6 5. c3 c5 6. h3 Bh5 7. g4 Bg6 8. Qb3 Qb6
9. Bxb8 Rxb8 10. Bb5+ Kd8 11. Ba4 c4 12. Qxb6+ axb6 13. Nbd2 Ne4 14. Bc2 Nxd2
15. Kxd2 Bxc2 16. Kxc2 f6 17. Rhb1 g5 18. a4 Kc7 19. b4 Ra8 20. h4 h6 21. h5 Bd6
22. Nd2 Rhf8 23. Rf1 f5 24. f3 Rf7 25. Kb2 Raf8 26. Kc2 Re8 27. e4 fxe4 28. fxe4
Rf4 29. e5 Be7 30. Rxf4 gxf4 31. Nf3 Bg5 32. Nxg5 hxg5 33. Kd2 Kd7 34. Ke2 Ke7
35. Kf3 Kf7 36. b5 Ra8 37. Ra2 Ke7 1/2-1/2

[Event "Indywidualne Mistrzostwa Polski Mlodzikow do lat 10 - Chlopcy"]
[Site "Szklarska Poreba"]
[Date "1899-12-30"]
[Round "8.22"]
[White "Balis, Sebastian"]
[Black "Wozniak, Mateusz"]
[Result "0-1"]
[WhiteTitle "II"]
[BlackTitle "II"]
[WhiteElo "1253"]
[BlackElo "1122"]

1. e4 c5 2. Nf3 d6 3. c3 Nf6 4. Be2 g6 5. O-O Bg7 6. Qc2 O-O 7. d4 cxd4 8. cxd4
b6 9. Nc3 Bb7 10. h3 Nbd7 11. Be3 Rc8 12. Qd3 e6 13. Rac1 h6 14. e5 dxe5 15. Nxe5
Nxe5 16. dxe5 Qxd3 17. Bxd3 Nd5 18. Bd4 Rfd8 19. Nb5 Rxc1 20. Rxc1 Ba6 21. Bc4
Nf4 22. Bc3 Bxb5 23. Bxb5 Rd5 24. Bc4 Rc5 25. Bd4 Rc7 26. Rc3 Bf8 27. b3 Bb4 28.
Rf3 Nh5 29. Be3 Kh7 30. g4 Ng7 31. Kg2 h5 32. Bg5 Kg8 33. Rg3 Be7 34. Bf6 hxg4
35. hxg4 Bxf6 36. exf6 Ne8 37. g5 Nd6 38. Rg4 Nxc4 39. Rxc4 Rxc4 40. bxc4 Kf8
41. Kf3 Ke8 42. Ke4 Kd7 43. Ke5 Kc6 44. f3 Kc5 45. f4 Kc6 46. Ke4 Kd6 47. Kd4
Kc6 48. Ke5 Kc5 49. a3 a6 50. Ke4 Kxc4 51. Ke5 Kc5 52. Ke4 b5 53. Kd3 a5 54. Kc3
Kd5 55. Kd3 b4 56. axb4 axb4 57. Kc2 Ke4 58. Kb3 Kxf4 59. Kxb4 Kxg5 60. Kc4 Kxf6
61. Kd4 e5+ 62. Ke4 Ke6 63. Kf3 f5 64. Ke3 g5 65. Kf3 e4+ 66. Ke3 Ke5 67. Kf2
f4 68. Ke2 f3+ 69. Ke3 g4 70. Kf2 Kf4 71. Ke1 g3 72. Kf1 e3 73. Kg1 e2 0-1

[Event "Indywidualne Mistrzostwa Polski Mlodzikow do lat 10 - Chlopcy"]
[Site "Szklarska Poreba"]
[Date "1899-12-30"]
[Round "8.23"]
[White "Dobrowolski, Kamil"]
[Black "Bieronski, Nikodem"]
[Result "1-0"]
[WhiteTitle "III"]
[BlackTitle "II"]
[WhiteElo "1006"]
[BlackElo "1168"]

1. e4 e6 2. d4 d5 3. Nd2 c5 4. exd5 exd5 5. Ngf3 Nc6 6. Bb5 Bd6 7. dxc5 Bxc5 8.
O-O Nge7 9. Nb3 Bb6 10. Re1 O-O 11. Bd3 Bg4 12. Bxh7+ Kh8 13. Bd3 Ng6 14. h3 Bxf3
15. Qxf3 Qh4 16. Be3 d4 17. Bd2 Nce5 18. Qxb7 Rac8 19. Re4 Qf6 20. Rae1 Rc7 21.
Qa6 Rc6 22. Qa4 Rd8 23. h4 Re6 24. Bg5 Qf5 25. Rxd4 Rxd4 26. Nxd4 Qg4 27. Re4
Nf3+ 28. Nxf3 Qg3 29. Be3 Bxe3 30. Rxe3 Qb8 31. Rxe6 fxe6 32. Bxg6 Qg8 33. Qe8
a5 34. Qxg8+ Kxg8 35. c4 Kf8 36. c5 Ke7 37. Ne5 1-0

[Event "Indywidualne Mistrzostwa Polski Mlodzikow do lat 10 - Chlopcy"]
[Site "Szklarska Poreba"]
[Date "1899-12-30"]
[Round "8.26"]
[White "Zabrzanski, Marcin"]
[Black "Chmielewski, Jakub"]
[Result "1/2-1/2"]
[WhiteTitle "II"]
[BlackTitle "II"]
[WhiteElo "1013"]
[BlackElo "1098"]

1. e4 e5 2. Nf3 Nc6 3. Bc4 Bc5 4. O-O Nf6 5. d3 O-O 6. c3 Re8 7. Nbd2 d6 8. h3
Be6 9. Bb3 h6 10. Re1 d5 11. Qe2 d4 12. Bxe6 Rxe6 13. Nb3 Bb6 14. Nh4 dxc3 15.
bxc3 Rd6 16. Rd1 Ne7 17. c4 Bd4 18. Nxd4 exd4 19. Ba3 Ra6 20. Bxe7 Qxe7 21. Nf5
Qd7 22. Rab1 Rb6 23. Rb3 Rxb3 24. axb3 h5 25. Qf3 g6 26. Ng3 Kg7 27. e5 Ng8 28.
Qxb7 Qc8 29. Qxc8 Rxc8 30. Ra1 Rb8 31. Rxa7 Rxb3 32. Rxc7 Rxd3 33. c5 Rd1+ 34.
Nf1 Re1 35. f4 Rc1 36. c6 Rc2 37. Rc8 Ne7 38. Rc7 Nxc6 39. e6 d3 40. Rxf7+ Kg8
41. Rd7 Re2 42. Rxd3 Rxe6 43. Kf2 Kf7 44. Kf3 Kf6 45. Ng3 Nb4 46. Ne4+ Rxe4 47.
Kxe4 Nxd3 48. Kxd3 g5 49. Ke4 gxf4 50. Kxf4 Kg6 51. g4 hxg4 52. hxg4 Kf6 53. Kf3
Kg6 54. Kg3 Kg5 55. Kh3 Kg6 56. Kh4 Kh6 57. g5+ Kg6 58. Kg4 Kg7 59. Kf5 1/2-1/2

[Event "Indywidualne Mistrzostwa Polski Mlodzikow do lat 10 - Chlopcy"]
[Site "Szklarska Poreba"]
[Date "1899-12-30"]
[Round "8.27"]
[White "Dunda, Szymon"]
[Black "Makuch, Tomasz"]
[Result "1/2-1/2"]
[WhiteTitle "II"]
[BlackTitle "II"]
[WhiteElo "1030"]
[BlackElo "1098"]

1. e4 c5 2. Nf3 g6 3. d4 cxd4 4. Nxd4 Nc6 5. Ne2 Nf6 6. Nbc3 Bg7 7. g3 Qa5 8. Bg2
O-O 9. O-O d6 10. Bd2 Qb6 11. Rb1 Be6 12. a3 Rfc8 13. Be3 Qc7 14. Qd2 Ng4 15.
Bf4 Nce5 16. h3 Nc4 17. Qe1 Nge5 18. Nb5 Qd7 19. Bxe5 Nxe5 20. Nbd4 Bxh3 21. Nc3
Nc4 22. Nde2 Bxg2 23. Kxg2 Qc6 24. Nd5 Kf8 25. Ndc3 Nxb2 26. Rxb2 Bxc3 27. Nxc3
Qxc3 28. Qa1 Qg7 29. Qb1 Qe5 30. f3 Qc3 31. Qa2 Qc4 32. Qa1 f6 33. Rf2 b5 34.
Qh1 Kg7 35. Qb1 a6 36. Qa1 Rc5 37. g4 Rac8 38. Qb1 g5 39. Qa1 Qa4 40. Qa2 Qc4
41. Qb1 a5 42. Kg3 Qa4 43. Ra2 Rc3 44. Kg2 Rxa3 45. Rxa3 Qxa3 46. Qxb5 Qc5 47.
Qb3 Qc4 48. Qb7 Qc7 49. Qb3 Rb8 50. Qa2 Ra8 51. Qd5 Ra7 52. Qd3 a4 53. Rf1 a3
54. Rh1 e5 55. Ra1 Qb6 56. Rxa3 Rxa3 57. Qxa3 Qc5 58. Qxc5 dxc5 59. Kf2 Kf7 60.
Ke3 Ke6 61. Kd3 Kd7 62. Kc3 Kc7 63. Kb3 Kb6 64. c4 Ka5 65. Ka3 Kb6 66. Ka4 Ka6
67. Ka3 Ka5 68. Kb3 1/2-1/2

[Event "Indywidualne Mistrzostwa Polski Mlodzikow do lat 10 - Chlopcy"]
[Site "Szklarska Poreba"]
[Date "1899-12-30"]
[Round "8.29"]
[White "Chomicki, Kornel"]
[Black "Jasiulewicz, Kamil"]
[Result "0-1"]
[WhiteTitle "II"]
[BlackTitle "II"]
[WhiteElo "1091"]
[BlackElo "1075"]

1. e4 e6 2. d4 d5 3. Nc3 dxe4 4. Nxe4 Bd7 5. Nc3 Nf6 6. h3 c5 7. dxc5 Bxc5 8. Nf3
Qb6 9. Qd2 Nc6 10. Bd3 Bb4 11. a3 Bxc3 12. Qxc3 h6 13. Be3 Qc7 14. O-O O-O 15.
Qd2 Rfd8 16. Rad1 e5 17. Bb5 e4 18. Nd4 a6 19. Bxc6 bxc6 20. Qe2 c5 21. Nb3 Bb5
22. c4 Rxd1 23. Qxd1 Bxc4 24. Re1 Nd7 25. Qc2 Bd3 26. Qc3 c4 27. Nc1 Rc8 28. Bd4
f6 29. Nxd3 exd3 30. g3 Kf7 31. h4 Rd8 32. Rc1 Ne5 33. Bxe5 fxe5 34. Re1 Rd7 35.
Kg2 Qc6+ 36. f3 Qa4 37. Qd2 Qc2 38. Rd1 Ke6 39. Kf2 Rb7 40. Qxc2 dxc2 41. Rc1
Rxb2 42. Ke2 Kd5 43. Kd2 Kd4 44. g4 g5 45. hxg5 hxg5 46. Re1 c3+ 47. Ke2 c1=Q+
48. Kf1 Qxe1+ 49. Kxe1 Kd3 50. f4 exf4 51. a4 a5 52. Kf1 Ke3 53. Kg1 Kf3 54. Kh1
Kg3 55. Kg1 Rb1# 0-1

[Event "Indywidualne Mistrzostwa Polski Mlodzikow do lat 10 - Chlopcy"]
[Site "Szklarska Poreba"]
[Date "1899-12-30"]
[Round "9.1"]
[White "Sowinski, Pawel"]
[Black "Hryniewicz, Maciej"]
[Result "1-0"]
[WhiteTitle "I"]
[BlackTitle "II"]
[WhiteElo "1427"]
[BlackElo "1133"]

1. e4 c5 2. Nf3 Nc6 3. Bb5 e5 4. O-O Bd6 5. c3 Nf6 6. d4 cxd4 7. cxd4 Nxd4 8. Nxd4
exd4 9. e5 a6 10. Re1 Bb4 11. exf6+ Bxe1 12. Qxe1+ Kf8 13. fxg7+ Kxg7 14. Qe5+
f6 15. Qg3+ Kf8 16. Bh6+ Ke7 17. Nc3 Rg8 18. Re1+ Kf7 19. Bc4+ d5 20. Bxd5+ Be6
21. Bxe6+ Ke7 22. Nd5+ Ke8 23. Qxg8# 1-0

[Event "Indywidualne Mistrzostwa Polski Mlodzikow do lat 10 - Chlopcy"]
[Site "Szklarska Poreba"]
[Date "1899-12-30"]
[Round "9.2"]
[White "Wielgus, Wojciech"]
[Black "Bartodziej, Bartosz"]
[Result "1-0"]
[WhiteTitle "I"]
[BlackTitle "II+"]
[WhiteElo "1572"]
[BlackElo "1539"]

1. e4 c5 2. Nf3 e6 3. d4 cxd4 4. Nxd4 Nf6 5. Nc3 Nc6 6. Nxc6 bxc6 7. e5 Nd5 8.
Ne4 Bb7 9. Be2 c5 10. O-O Be7 11. c4 Nb4 12. Bf3 Qc7 13. Nd6+ Bxd6 14. Bxb7 Rb8
15. exd6 Qxb7 16. Qg4 Kf8 17. Be3 Nd3 18. b3 Qc6 19. Rad1 Ne5 20. Qh5 f5 21. Qh4
h6 22. f4 Ng4 23. Bc1 a5 24. Bb2 Rh7 25. Rd3 Re8 26. h3 Qe4 27. Rg3 Qe2 28. Bc3
e5 29. hxg4 exf4 30. Rxf4 Qd1+ 31. Rf1 Qxd6 32. gxf5 Re2 33. f6 g5 34. Rxg5 Qd3
35. Rg3 Re3 36. f7 Rxg3 37. Qd8# 1-0

[Event "Indywidualne Mistrzostwa Polski Mlodzikow do lat 10 - Chlopcy"]
[Site "Szklarska Poreba"]
[Date "1899-12-30"]
[Round "9.3"]
[White "Warchol, Kamil"]
[Black "Suska, Szymon"]
[Result "0-1"]
[WhiteTitle "CM"]
[BlackTitle "II"]
[WhiteElo "1622"]
[BlackElo "1362"]

1. e4 c5 2. Nf3 e6 3. d4 cxd4 4. Nxd4 Nc6 5. Nc3 Qc7 6. f4 a6 7. Nb3 b5 8. Bd3
Bb7 9. Be3 Nf6 10. O-O Bb4 11. a4 Bxc3 12. bxc3 b4 13. c4 h5 14. h3 h4 15. e5
Nh5 16. Qg4 Ng3 17. Qxg7 O-O-O 18. Bc5 Rdg8 19. Qxf7 Nxf1 20. Bxf1 Nd8 21. Qe7
Qc6 22. Qg5 Rxg5 23. fxg5 Rg8 24. Be7 Nf7 25. Rd1 Nxg5 26. Bxg5 Rxg5 27. Rd2 Qe4
28. a5 Qe3+ 29. Kh2 Qg3+ 30. Kg1 Qxh3 31. c5 Qe3+ 32. Kh2 h3 33. g3 Qxg3# 0-1

[Event "Indywidualne Mistrzostwa Polski Mlodzikow do lat 10 - Chlopcy"]
[Site "Szklarska Poreba"]
[Date "1899-12-30"]
[Round "9.4"]
[White "Oglaza, Dawid"]
[Black "Mulawa, Cyprian"]
[Result "0-1"]
[WhiteTitle "II"]
[BlackTitle "II"]
[WhiteElo "1124"]
[BlackElo "1449"]

1. e4 c5 2. Nf3 Nc6 3. d4 cxd4 4. Nxd4 Nf6 5. Nc3 e5 6. Ndb5 d6 7. Nd5 Nxd5 8.
exd5 Nb8 9. Qf3 a6 10. Qa3 Be7 11. Bg5 f6 12. Bd2 a5 13. Qc3 Na6 14. Qxa5 b6 15.
Qc3 Bb7 16. Qg3 O-O 17. c4 f5 18. Be2 f4 19. Qd3 Nc5 20. Qc2 Bc8 21. f3 Bf5 22.
Qc3 Bh4+ 23. Kd1 Bf6 24. Qc1 Qd7 25. g4 fxg3 26. hxg3 e4 27. f4 Bg4 28. Be3 Bxe2+
29. Kxe2 Qg4+ 30. Kd2 Nd3 31. Qg1 Bxb2 32. Rb1 Rxa2 33. Qd1 Bd4+ 34. Qc2 Rxc2+
35. Kxc2 Bxe3 0-1

[Event "Indywidualne Mistrzostwa Polski Mlodzikow do lat 10 - Chlopcy"]
[Site "Szklarska Poreba"]
[Date "1899-12-30"]
[Round "9.5"]
[White "Rosa, Antoni"]
[Black "Liskiewicz, Jakub"]
[Result "1/2-1/2"]
[WhiteTitle "II"]
[BlackTitle "I"]
[WhiteElo "1203"]
[BlackElo "1260"]

1. c4 e5 2. Nc3 Nf6 3. g3 Nc6 4. Bg2 Bc5 5. e3 d6 6. Nge2 Bg4 7. O-O O-O 8. a3
a5 9. Qb3 Qc8 10. Re1 Rb8 11. Nd5 Nxd5 12. Bxd5 Re8 13. Nc3 Bh3 14. Bg2 Bxg2 15.
Kxg2 e4 16. Qd1 Qf5 17. Qe2 Re6 18. Nd5 Rh6 19. Nf4 g5 20. Nh5 Qf3+ 21. Qxf3 exf3+
22. Kxf3 Rxh5 23. d4 Bb6 24. Rh1 f5 25. Bd2 Re8 26. b4 g4+ 27. Kg2 Rd8 28. d5
Ne5 29. bxa5 Bc5 30. Bb4 Bxb4 31. axb4 Ra8 32. Rac1 Rh6 33. c5 Nd3 34. c6 bxc6
35. Rxc6 Nxb4 36. Rxc7 Nxd5 37. Rd7 Rxa5 38. Rb1 1/2-1/2